000 00857cam a2200157 4500500
005 20260405004957.0
041 _afre
042 _adc
100 1 0 _ade Dinechin, Olivier
_eauthor
245 0 0 _aXavier Lacroix, La Confusion des genres . Réponses à certaines demandes homosexuelles sur le mariage et l’adoption. Bayard/Etvdes, 2005, 152 pages, 9,80 €
260 _c2005.
500 _a46
520 _aRésuméJules Verne distingue deux sources aux obstacles, aux réussites, aux échecs et aux succès de l’aventure : les éléments naturels, leur connaissance et leur maîtrise, et les conflits humains qui vont apparaître comme la source la plus réelle de perdition.
786 0 _nÉtudes | 403 | 7 | 2005-07-01 | p. XXI-XXI | 0014-1941
856 4 1 _uhttps://shs.cairn.info/revue-etudes-2005-7-page-XXI?lang=fr&redirect-ssocas=7080
999 _c2079963
_d2079963